000 00738nam a2200289Ia 4500
005 20260324141253.0
008 008 260324s9999 xx 000 0 eng d
020 _a9780203209332
037 _aEBOOK
040 _aCRL
040 _beng
040 _cCRL
041 _2eng
041 _aeng
084 _qCRL
100 _aJames Calderhead; Susan B. Shorrock
_91207563
245 0 _aUnderstanding Teacher Education
245 0 _bCase Studies in the Professional Development of Beginning Teachers
260 _bTaylor and Francis
260 _c1997
365 _a
365 _b205
856 _uhttp://www.taylorfrancis.com/books/9780203209332
942 _cEBOOK
999 _c1810477
_d1810477